000 00792cam a2200205 i 4500
005 20251223100656.0
008 250721s2011 su gr 000 0 ara d
020 _a9786038072066
082 1 4 _a218.5
_bن ح و
100 1 _aالنحوي، عدنان بن علي
_eمؤلف.
245 1 0 _aبين الارتجال وبين النهج والتخطيط والإعداد والبناء /
_cالدكتور عدنان بن علي رضا بن محمد النحوي.
250 _aالطبعة الأولى.
264 3 1 _aالرياض :
_bشركة دار النحوي للنشر والتوزيع،
_c2011.
300 _a203 صفحة.
650 1 7 _aالاسلام.
650 1 7 _aالاصلاح.
650 1 7 _aالوعظ والارشاد.
942 _2ddc
_cBK
999 _c75
_d75